| 000 | 00856nam a22002297a 4500 | ||
|---|---|---|---|
| 999 |
_c19604 _d19604 |
||
| 003 | AR-CdUCM | ||
| 008 | 190518b ||||| |||| 00| 0 spa d | ||
| 040 |
_aMUNICIPALIDAD PROVINCIAL DEL CUSCO _cBIBLIOTECA MUNICIPAL DEL CUSCO |
||
| 082 |
_a340.160 / _bM66 |
||
| 100 |
_aMixán Mass, Florencio _941042 |
||
| 245 | _aLógica jurídica / | ||
| 260 |
_aTrujillo : _bMarsol Perú, _c1988. |
||
| 300 |
_a415 páginas ; _c21 cm. |
||
| 505 | _aContenido: Lógica jurídica -- Reminiscencia sobre norma y norma jurídica -- Estructura de la norma jurídica -- Formas del pensamiento -- El juicio jurídico Inferencia enunciativa ... | ||
| 650 |
_aLógica _92358 |
||
| 650 |
_aDerecho _9739 |
||
| 650 |
_aLeyes _94808 |
||
| 650 |
_aNormas _915859 |
||
| 700 |
_aSolórzano Martínez, Manuel (editor) _941043 |
||
| 942 |
_2ddc _cLIBROS |
||
| 945 |
_aachl _d2019-05-18 |
||